ভাষা আন্দোলনের পঞ্চাশ বছর স্মারকগ্রন্থ / (Record no. 7781)
[ view plain ]
| 000 -LEADER | |
|---|---|
| fixed length control field | 00813nam a2200229 a 4500 |
| 001 - CONTROL NUMBER | |
| JCCL Control Number | 7781 |
| 003 - CONTROL NUMBER IDENTIFIER | |
| JCCL marc code | BD-JhCC |
| 005 - DATE AND TIME OF LATEST TRANSACTION | |
| control field | 20180218083237.0 |
| 008 - FIXED-LENGTH DATA ELEMENTS--GENERAL INFORMATION | |
| fixed length control field | 180214s2002 bg |||| || | 000 0 ben d |
| 035 ## - SYSTEM CONTROL NUMBER | |
| system control number | (BD-JhCC)7781 |
| 040 ## - CATALOGING SOURCE | |
| Original cataloging agency | BD-JhCC |
| Modifying agency | BD-JhCC |
| 041 ## - LANGUAGE CODE | |
| Language code of Book | eng |
| 082 ## - DEWEY DECIMAL CLASSIFICATION NUMBER | |
| Classification number | 320.014 |
| Author mark and Year | VHA 2002 |
| 245 ## - TITLE STATEMENT | |
| Title | ভাষা আন্দোলনের পঞ্চাশ বছর স্মারকগ্রন্থ / |
| Statement of responsibility, etc | আরজুমান্দ আরা বানু (সম্পাদিত) |
| 260 ## - PUBLICATION, DISTRIBUTION, ETC. (IMPRINT) | |
| Place of publication, distribution, etc | ঢাকা : |
| Name of publisher, distributor, etc | অনুপম প্রকাশনী, |
| Date of publication, distribution, etc | 2002 |
| 300 ## - PHYSICAL DESCRIPTION | |
| Pagination | 478 p. : |
| Dimensions | 22 cm. |
| 650 ## - SUBJECT ADDED ENTRY--TOPICAL TERM | |
| Topical term or geographic name as entry element | Language Movement |
| 650 ## - SUBJECT ADDED ENTRY--TOPICAL TERM | |
| Topical term or geographic name as entry element | Remembrance |
| 700 ## - ADDED ENTRY--PERSONAL NAME | |
| Personal name | বানু, আরজুমান্দ আরা (সম্পাদিত) |
| 942 ## - ADDED ENTRY ELEMENTS (KOHA) | |
| Source of classification or shelving scheme | Dewey Decimal Classification |
| Koha item type | Books |
| Source of classification or shelving scheme | Damaged status | Not for loan | Home library | Current library | Shelving location | Date of accession | Total Checkouts | Full call number | Barcode | Date last seen | Copy number | Koha item type |
|---|---|---|---|---|---|---|---|---|---|---|---|---|
| Dewey Decimal Classification | JCC Rouf Library | JCC Rouf Library | General Stacks | 02/14/2018 | 320.014 VHA 2002 | 10397 | 02/14/2018 | C - 1 | Books |